<?xml version="1.0" encoding="UTF-8"?>
<record
    xmlns:xsi="http://www.w3.org/2001/XMLSchema-instance"
    xsi:schemaLocation="http://www.loc.gov/MARC21/slim http://www.loc.gov/standards/marcxml/schema/MARC21slim.xsd"
    xmlns="http://www.loc.gov/MARC21/slim">

  <leader>00504nam a22002057a 4500</leader>
  <controlfield tag="005">20260602131453.0</controlfield>
  <controlfield tag="008">260602b        |||||||| |||| 00| 0 eng d</controlfield>
  <datafield tag="020" ind1=" " ind2=" ">
    <subfield code="a">9789387151758</subfield>
    <subfield code="c">650.00</subfield>
  </datafield>
  <datafield tag="040" ind1=" " ind2=" ">
    <subfield code="a">MAIN</subfield>
  </datafield>
  <datafield tag="041" ind1=" " ind2=" ">
    <subfield code="a">English</subfield>
  </datafield>
  <datafield tag="082" ind1=" " ind2=" ">
    <subfield code="a">531</subfield>
    <subfield code="b">GUP</subfield>
  </datafield>
  <datafield tag="100" ind1=" " ind2=" ">
    <subfield code="a">Gupta, S.L.</subfield>
    <subfield code="9">1608</subfield>
  </datafield>
  <datafield tag="245" ind1=" " ind2=" ">
    <subfield code="a">Classical Mechanics </subfield>
  </datafield>
  <datafield tag="260" ind1=" " ind2=" ">
    <subfield code="a">Meerut </subfield>
    <subfield code="b">Pragati </subfield>
    <subfield code="c">2025</subfield>
  </datafield>
  <datafield tag="300" ind1=" " ind2=" ">
    <subfield code="a">516</subfield>
  </datafield>
  <datafield tag="650" ind1=" " ind2=" ">
    <subfield code="a">Physics (PM USHA)</subfield>
    <subfield code="9">26699</subfield>
  </datafield>
  <datafield tag="700" ind1=" " ind2=" ">
    <subfield code="a">Kumar, V.</subfield>
    <subfield code="9">7205</subfield>
  </datafield>
  <datafield tag="700" ind1=" " ind2=" ">
    <subfield code="a">Sharma, H.V.</subfield>
    <subfield code="9">17950</subfield>
  </datafield>
  <datafield tag="942" ind1=" " ind2=" ">
    <subfield code="c">BK</subfield>
  </datafield>
  <datafield tag="999" ind1=" " ind2=" ">
    <subfield code="c">60958</subfield>
    <subfield code="d">60958</subfield>
  </datafield>
  <datafield tag="952" ind1=" " ind2=" ">
    <subfield code="0">0</subfield>
    <subfield code="1">0</subfield>
    <subfield code="2">ddc</subfield>
    <subfield code="4">0</subfield>
    <subfield code="6">531_000000000000000_GUP</subfield>
    <subfield code="7">1</subfield>
    <subfield code="9">94226</subfield>
    <subfield code="a">MAIN</subfield>
    <subfield code="b">MAIN</subfield>
    <subfield code="d">2026-06-02</subfield>
    <subfield code="o">531 GUP</subfield>
    <subfield code="p">33224</subfield>
    <subfield code="r">2026-06-02</subfield>
    <subfield code="w">2026-06-02</subfield>
    <subfield code="y">REF</subfield>
  </datafield>
  <datafield tag="952" ind1=" " ind2=" ">
    <subfield code="0">0</subfield>
    <subfield code="1">0</subfield>
    <subfield code="2">ddc</subfield>
    <subfield code="4">0</subfield>
    <subfield code="6">531_000000000000000_GUP</subfield>
    <subfield code="7">0</subfield>
    <subfield code="9">94227</subfield>
    <subfield code="a">MAIN</subfield>
    <subfield code="b">MAIN</subfield>
    <subfield code="d">2026-06-02</subfield>
    <subfield code="l">0</subfield>
    <subfield code="o">531 GUP</subfield>
    <subfield code="p">33225</subfield>
    <subfield code="r">2026-06-02</subfield>
    <subfield code="w">2026-06-02</subfield>
    <subfield code="y">BK</subfield>
  </datafield>
  <datafield tag="952" ind1=" " ind2=" ">
    <subfield code="0">0</subfield>
    <subfield code="1">0</subfield>
    <subfield code="2">ddc</subfield>
    <subfield code="4">0</subfield>
    <subfield code="6">531_000000000000000_GUP</subfield>
    <subfield code="7">0</subfield>
    <subfield code="9">94228</subfield>
    <subfield code="a">MAIN</subfield>
    <subfield code="b">MAIN</subfield>
    <subfield code="d">2026-06-02</subfield>
    <subfield code="l">0</subfield>
    <subfield code="o">531 GUP</subfield>
    <subfield code="p">33226</subfield>
    <subfield code="r">2026-06-02</subfield>
    <subfield code="w">2026-06-02</subfield>
    <subfield code="y">BK</subfield>
  </datafield>
</record>
